Представление документа в формате RUSMARC

ПолеНазваниеЗначение
  Тип записи a
  Библиографический уровень a
001 Контрольный номер RU/CBS_UL/BASE/437743036
005 Дата корректировки 20241119083517.7
100 Данные общей обработки __
a Данные общей обработки 20131114d2013 ||| 0rusy0189 ca
101 Язык документа 0_
a Язык текста rus
102 Страна публикации __
a Страна публикации RU
105 Кодированные данные (монография) __
a Кодированные данные (монография) y###||||000|y
200 Заглавие и сведения об ответственности 1_
a Заглавие Первооткрыватель Антарктиды
b Общее обозначение материала Текст
e Сведения, относящиеся к заглавию [М.П. Лазарев - участник з-х кругосветных экспедиций, во время одной из них была открыта Антарктида]
f Первые сведения об ответственности Денис Логинов
300 Общие примечания __
a Общие примечания Ограничения по возрасту -16+
461 Уровень набора _0
1 2000
a Смена
463 Уровень физической единицы _0
1 001RU/CBS_UL/BASE/437561448
1 2000
a №10
v С.84-91
1 210
d 2013
600 Персоналии _0
a Персоналии (Фамилия) Лазарев
b Персоналии (Имя, инициалы) М. П.
610 Ключевые слова 0_
a Ключевые слова первооткрыватели
a Ключевые слова географические открытия
686 Индексы других классификаций __
a Классификационный индекс 26.8г
686 Индексы других классификаций __
2 Код системы ББК
700 Автор _1
a Фамилия Логинов
b Имя (инициалы) Денис
801 Источник записи _0
a Страна RU
b Организация МБУК ЦБС г. Ульяновска
c Дата составления 20131114
g Правила каталогизации RCR
801 Источник записи _1
a Страна RU
b Организация МБУК ЦБС г. Ульяновска
c Дата составления 20131114
g Правила каталогизации RCR
901 Тип документа __
t Тип документа b
w Контрольный № источника RU/CBS_UL/BASE/437561448
910 Корректоры записи __
a Корректор записи admin2
938 Служебная информация __
a Имя БД period